000 00326 a2200133 4500
001 65510
040 _cAnchieta - Pituba
100 _aValdir
240 1 0 _a2ª Avaliação de Inglês, 1º série
_lpor
245 1 0 _a2ª Avaliação de Inglês, 1º série
362 0 _a2018
650 4 _aInglês e inglês antigo
942 _cBK
999 _c65510
_d65510